Banderas de países pero como Australia - Estadísticas

Estadísticas generales
  • Esta prueba ha sido intentada 1.846 veces
  • La puntuación promedio es 14 de 16
Estadísticas de respuestas
Imagen Respuesta % Correcto
Brasil
98%
China / Vietnam
98%
Corea del Sur
97%
Chile
96%
Turquía
96%
Kosovo
95%
Marruecos
95%
Bosnia y Herzegovina
92%
Argelia
91%
Angola
90%
Liechtenstein
87%
Singapur
87%
Uganda
87%
Maldivas
67%
Tuvalu
65%
Guinea-Bissau
61%
No se encontraron pruebas coincidentes
Distribución de puntuación
Porcentaje de gente con cada puntuación
Porcentaje por número respondido
Historial de tus puntuaciones
No has intentado esta prueba.